britain's contribution to peace and security (report on defence) (Record no. 410500)

000 -LEADER
fixed length control field 00318cam a22000977a 4500
008 - FIXED-LENGTH DATA ELEMENTS--GENERAL INFORMATION
fixed length control field 180718b1958 xxu||||| |||| 00| 0 eng d
082 ## - DEWEY DECIMAL CLASSIFICATION NUMBER
Classification number NIx42
245 ## - TITLE STATEMENT
Title britain's contribution to peace and security (report on defence)
Statement of responsibility, etc. command of her majesty
260 ## - PUBLICATION, DISTRIBUTION, ETC.
Place of publication, distribution, etc. London
Name of publisher, distributor, etc. Her Majesty's Statioonery Office
Date of publication, distribution, etc. 1958
300 ## - PHYSICAL DESCRIPTION
Extent 13
Holdings
Withdrawn status Lost status Damaged status Not for loan Permanent Location Current Location Date acquired Full call number Barcode Date last seen Price effective from Koha item type
        Indian Institute of Public Administration Indian Institute of Public Administration 2009-01-19 NIx42 11449 2018-07-21 2018-07-21 Book

Powered by Koha